000 00650nam a22002297a 4500
005 20150330052347.0
006
008 000614e20010515nyua es|||||||| 2|eng|d
020 _a9780070411029
041 0 _aeng
080 _a658.5
100 1 _aZandin, Kjell B.
210 1 0 _aMaynard's Industrial Engineering Handbook
245 1 0 _aMaynard's Industrial Engineering Handbook
250 _a5th ed.,Revised
260 _aNew York :
_bMcGraw-Hill Professional Publishing
_c2001
300 _a1.34
_bme il.;
_c24 cm
505 _aIndex: f. 1.5 - 1.34
650 _aIngjinjeri Industriale
700 1 _aMaynard, Harold B.
_d1902-
942 _2udc
_cBK
999 _c589
_d589